Essays and studies /

Збережено в:
Бібліографічні деталі
Інші автори: Spurgeon, Caroline F. E. (Caroline Frances Eleanor), 1869-1942
Формат: Книга
Мова:English
Опубліковано: Oxford : Clarendon Press, 1928.
Предмети:
LEADER 00815nam a22002051 4500
001 c000207214
003 CARM
005 20021125002100.0
008 851113s1928 enk 00000 eng d
019 1 |a 4193793  |5 LACONCORD2021 
035 |a (OCoLC)220036703  |5 LACONCORD2021 
245 0 0 |a Essays and studies /  |c by members of the English Association ; collected by Caroline F.E.Spurgeon. 
260 |a Oxford :  |b Clarendon Press,  |c 1928. 
300 |a V. 13. 
650 0 |a English essays. 
700 1 |a Spurgeon, Caroline F. E.  |q (Caroline Frances Eleanor),  |d 1869-1942. 
852 8 |b CARM  |h A2:AO16A0  |i B06552  |p 0303011  |f BK 
082 0 4 |a 824.9 
999 f f |i ed0b265d-4d9f-546d-95a5-83617ccc14ce  |s 3af5a873-3adb-540c-a163-36437997044d 
952 f f |p Can circulate  |a CAVAL  |b CAVAL  |c CAVAL  |d CARM 1 Store  |e B06552  |f A2:AO16A0  |h Other scheme  |i book  |m 0303011